| 000 | 00430nam a2200157Ia 4500 | ||
|---|---|---|---|
| 003 | GCL | ||
| 005 | 20240530100354.0 | ||
| 008 | 140319s9999 xx 000 0 eng d | ||
| 040 |
_aGCL / _cGCL |
||
| 082 | 0 | 4 |
_a306.3 _bL A |
| 100 | 1 | _aLANDSBURG, STEVEN E. | |
| 245 | 1 | 0 |
_aTHE ARMCHAIR ECONOMIST : ECONOMICS AND EVERYDAY LIFE / _cLANDSBURG, STEVEN E. |
| 260 |
_a[S.N] : _bNO SERES ، _c1993 |
||
| 300 | _a241 P | ||
| 942 |
_2ddc _cBK |
||
| 999 |
_c17067 _d17067 |
||